| 000 | 01067nam a22002177a 4500 | ||
|---|---|---|---|
| 999 |
_c57082 _d57082 |
||
| 003 | Ge_BSU | ||
| 005 | 20191112163610.0 | ||
| 008 | 191112s2018 ge ||||| |||| 00| 0 geo d | ||
| 020 | _a9789941962523 | ||
| 041 |
_ageo _hfr |
||
| 080 | _a821.133.1.03=353.1 დ-15 | ||
| 100 |
_aდავრიშევი ქეთევან ( დავრიშაშვილი). _95314 |
||
| 245 |
_aდაშორებულები : _bრომანი / _cქეთევან დავრიშევი (დავროშაშვილი) ; ფრანგ.თარგმნ. ცისანა ბიბილეიშვილმა. |
||
| 264 |
_aთბილისი : _bსაგა, _c2017. |
||
| 300 |
_a152 გვ.: _bილ.; _c19 სმ. |
||
| 546 | _aტარგმანი ფრანგულიდან | ||
| 653 | _aრომანი | ||
| 653 | _aმხატვრული ლიტერატურა | ||
| 700 |
_aბიბილეიშვილი, ცისანა _eმთარგმნელი _95315 |
||
| 942 |
_2udc _cBK |
||